[Event "TUR-chT2"]
[Site "Konya"]
[Date "2018.07.11"]
[Round "2.5"]
[White "Akkus, Suat"]
[Black "Gulerdil, Yagiz"]
[Result "1-0"]
[WhiteElo "1962"]
[BlackElo "1729"]
[PlyCount "55"]
[EventDate "2018.07.10"]
[EventType "team-swiss"]
[EventRounds "9"]
[EventCountry "TUR"]
[SourceTitle "EXT 2019"]
[Source "ChessBase"]
[SourceDate "2018.10.10"]
[SourceVersion "1"]
[SourceVersionDate "2018.10.10"]
[SourceQuality "1"]
[WhiteTeam "Denizli Onay"]
[BlackTeam "Sinop Kultur"]
[WhiteTeamCountry "TUR"]
[BlackTeamCountry "TUR"]

1. d4 Nf6 2. c4 e6 3. Nf3 Nc6 4. Nc3 Bb4 5. Qc2 Qe7 6. Bg5 d6 7. e4 e5 8. d5 Nb8 9. Qa4+ Bd7 10. Qxb4 b6 11. Nb5 Kd8 12. Rc1 a5 13. Qc3 Na6 14. Bd3 Nc5 15. 0-0 h6 16. Bxf6 Qxf6 17. a3 a4 18. Nd2 Qg5 19. Kh1 g6 20. f4 Qe7 21. fxe5 dxe5 22. Be2 f5 23. Qg3 f4 24. Qxg6 Be8 25. d6 Qxd6 26. Qg7 Bxb5 27. Qxh8+ Be8 28. Nf3 1-0

[Event "TUR-chT2"]
[Site "Konya"]
[Date "2017.07.12"]
[Round "5.14"]
[White "Alaca, Ali"]
[Black "Gulerdil, Yagiz"]
[Result "1-0"]
[WhiteElo "1971"]
[BlackElo "1749"]
[PlyCount "91"]
[EventDate "2017.07.09"]
[EventType "team-swiss"]
[EventRounds "9"]
[EventCountry "TUR"]
[SourceTitle "CBM 179 Extra"]
[Source "ChessBase"]
[SourceDate "2017.08.23"]
[SourceVersion "1"]
[SourceVersionDate "2017.08.23"]
[SourceQuality "1"]
[WhiteTeam "Genclik Il Mudurlugu"]
[BlackTeam "Sinop Kultur"]
[WhiteTeamCountry "TUR"]
[BlackTeamCountry "TUR"]

1. Nf3 d5 2. g3 Bf5 3. Bg2 e6 4. d3 Nf6 5. 0-0 h6 6. Nbd2 Bc5 7. Re1 c6 8. c3 a5 9. Ne5 Nbd7 10. Nxd7 Qxd7 11. d4 Bd6 12. f3 Bg6 13. e4 dxe4 14. fxe4 Bh5 15. Bf3 Bxf3 16. Qxf3 Bc7 17. e5 Nd5 18. Ne4 b6 19. Rf1 Qe7 20. a3 b5 21. b3 0-0 22. Bxh6 f5 23. exf6 Nxf6 24. Bg5 Bd8 25. Nxf6+ gxf6 26. Qxc6 Ra7 27. Bh6 Rf7 28. Rae1 Rc7 29. Qxe6 Qxe6 30. Rxe6 Rxc3 31. Re8+ Kh7 32. Bd2 Rc8 33. Bxa5 Rd7 34. Rxd8 Rcxd8 35. Bxd8 Rxd8 36. Rxf6 Rxd4 37. Rb6 Rd5 38. Kg2 Kg7 39. h4 Kh7 40. Kh3 Kg7 41. Kg4 Kh7 42. Kf4 Rd4+ 43. Ke5 Rg4 44. Rxb5 Rxg3 45. Kd6 Kg7 46. Rg5+ 1-0

[Event "TUR-chT2"]
[Site "Konya"]
[Date "2017.07.11"]
[Round "4.20"]
[White "Gulerdil, Yagiz"]
[Black "Subasi, Zeki"]
[Result "1-0"]
[WhiteElo "1749"]
[BlackElo "1707"]
[PlyCount "52"]
[EventDate "2017.07.09"]
[EventType "team-swiss"]
[EventRounds "9"]
[EventCountry "TUR"]
[SourceTitle "CBM 179 Extra"]
[Source "ChessBase"]
[SourceDate "2017.08.23"]
[SourceVersion "1"]
[SourceVersionDate "2017.08.23"]
[SourceQuality "1"]
[WhiteTeam "Sinop Kultur"]
[BlackTeam "Genclik Sivas Analiz"]
[WhiteTeamCountry "TUR"]
[BlackTeamCountry "TUR"]

1. d4 d5 2. Nf3 Nf6 3. g3 g6 4. Bg2 Bg7 5. 0-0 0-0 6. c4 c6 7. cxd5 cxd5 8. Nc3 Nc6 9. Ne5 Be6 10. Nxc6 bxc6 11. Bf4 Qb6 12. Na4 Qb5 13. Rc1 Nd7 14. b3 Rac8 15. Qd2 Rfe8 16. Nc5 Nxc5 17. Rxc5 Qb6 18. Rfc1 Bd7 19. Bf3 f6 20. e4 e6 21. h4 Bf8 22. R5c2 Ba3 23. Rd1 Bb4 24. Qd3 Rcd8 25. e5 f5 26. Bg5 Rc8 1-0

[Event "Manavgat Turkey Cup"]
[Site "Manavgat"]
[Date "2016.02.02"]
[Round "6"]
[White "Gulerdil, Yagiz"]
[Black "Cakiroglu, Metin"]
[Result "0-1"]
[WhiteElo "1715"]
[BlackElo "1878"]
[PlyCount "112"]
[EventDate "2016.01.30"]
[EventType "swiss"]
[EventRounds "11"]
[EventCountry "TUR"]
[SourceTitle "CBM 170 Extra"]
[Source "ChessBase"]
[SourceDate "2016.02.25"]
[SourceVersion "1"]
[SourceVersionDate "2016.02.25"]
[SourceQuality "1"]

1. d4 Nf6 2. Nf3 e6 3. g3 b6 4. Bg2 Bb7 5. 0-0 Be7 6. c4 0-0 7. Nc3 d6 8. Qc2 Nbd7 9. e4 c5 10. d5 exd5 11. exd5 a6 12. a4 Rb8 13. Nh4 g6 14. Bh6 Re8 15. h3 Ne5 16. b3 Nh5 17. Nf3 Bf6 18. Rae1 Bc8 19. Kh2 Bf5 20. Ne4 Ng7 21. Nxe5 Bxe5 22. f4 Bd4 23. g4 Bxe4 24. Bxe4 b5 25. axb5 axb5 26. cxb5 Rxb5 27. Bd3 Ra5 28. Bg5 Qa8 29. Rxe8+ Nxe8 30. Re1 Ng7 31. Re2 Ra1 32. Bc4 h5 33. Be7 hxg4 34. hxg4 Rg1 35. Qa2 Qc8 36. Rg2 Ra1 37. Qe2 Qd7 38. Bb5 Qc7 39. Bc4 Qd7 40. Bb5 Qb7 41. Bc4 Qb8 42. Bb5 Ra5 43. Bc4 Ra1 44. Bb5 Rc1 45. Bc4 Rc3 46. Rg3 Rc1 47. Rg2 Qc7 48. Rg3 Qa5 49. Bxd6 Qa1 50. Rg2 Re1 51. Qd2 Be3 52. Qb2 Rh1+ 53. Kg3 Qe1+ 54. Kf3 Rh3+ 55. Ke4 Bd4+ 56. Qe2 Re3+ 0-1

[Event "Manavgat Turkey Cup"]
[Site "Manavgat"]
[Date "2016.01.31"]
[Round "2"]
[White "Gulerdil, Yagiz"]
[Black "Ensarioglu, Mehmet Nuri"]
[Result "1-0"]
[WhiteElo "1715"]
[BlackElo "1509"]
[PlyCount "61"]
[EventDate "2016.01.30"]
[EventType "swiss"]
[EventRounds "11"]
[EventCountry "TUR"]
[SourceTitle "CBM 170 Extra"]
[Source "ChessBase"]
[SourceDate "2016.02.25"]
[SourceVersion "1"]
[SourceVersionDate "2016.02.25"]
[SourceQuality "1"]

1. d4 d5 2. Nf3 e6 3. g3 Be7 4. Bg2 Nf6 5. 0-0 c5 6. c4 cxd4 7. Nxd4 Nc6 8. Nc3 e5 9. Nxc6 bxc6 10. cxd5 cxd5 11. Nxd5 Nxd5 12. Bxd5 Rb8 13. Qa4+ Bd7 14. Qxa7 0-0 15. Rd1 Be6 16. e4 Bf6 17. Be3 Qe7 18. Qxe7 Bxe7 19. Bxe6 fxe6 20. Rd7 Rfe8 21. b3 Bf6 22. Bc5 h5 23. b4 g5 24. a4 h4 25. a5 h3 26. a6 Ra8 27. a7 Bg7 28. b5 Rec8 29. Bd6 Bf6 30. b6 Rc6 31. b7 1-0

[Event "Manavgat Turkey Cup"]
[Site "Manavgat"]
[Date "2015.02.02"]
[Round "4"]
[White "Kirali, Hasan"]
[Black "Gulerdil, Yagiz"]
[Result "1-0"]
[WhiteElo "1525"]
[BlackElo "1790"]
[PlyCount "49"]
[EventDate "2015.01.31"]
[EventType "swiss"]
[EventRounds "11"]
[EventCountry "TUR"]
[SourceTitle "CBM 164 Extra"]
[Source "ChessBase"]
[SourceDate "2015.03.02"]
[SourceVersion "1"]
[SourceVersionDate "2015.03.02"]
[SourceQuality "1"]

1. d4 d5 2. Nf3 e6 3. Bf4 Nf6 4. e3 c5 5. c3 Nc6 6. Bd3 Bd6 7. Bg3 0-0 8. Nbd2 Re8 9. Ne5 Bxe5 10. dxe5 Nd7 11. f4 Qb6 12. Qh5 Nf8 13. 0-0-0 c4 14. Bb1 Qxe3 15. Rhe1 Qc5 16. Nf3 Ne7 17. Rd2 b5 18. Bf2 Qc7 19. g4 b4 20. Bd4 bxc3 21. Bxc3 d4 22. Nxd4 g6 23. Qh6 Nd5 24. f5 Nxc3 25. f6 1-0